000 00430pab a2200157 454500
008 180718b1996 xxu||||| |||| 00| 0 eng d
100 _aVenkataraman, R.
245 _aJawaharlal Nehru and parliamentary democracy
260 _c1996
300 _ap.7-9
362 _a16 Nov
650 _aNehru, Jawaharlal - Criticism and interpretation
650 _aNehru on parliamentary democracy
773 _aMainstream
909 _a32555
999 _c32555
_d32555